| 000 | 00692cam a2200241 a 4500 | ||
|---|---|---|---|
| 001 | 000018375 | ||
| 005 | 20200929165459.0 | ||
| 008 | 740523s1975 fr 000 0 fre d | ||
| 020 | _a2253007412 | ||
| 040 |
_aDO-SdBNP _bfre _cLC _dBNPHU |
||
| 050 | 0 | 0 |
_aPQ2605.O28 _bE5 |
| 082 |
_a843.912 _bC694p |
||
| 100 | 0 |
_aColette, _d1873-1954. _qSidonie Gabrielle, _939792 |
|
| 245 | 1 | 3 |
_aEn pays connu / _cColette. |
| 260 |
_aParis : _bHachette, _c1975. |
||
| 300 |
_a217 p. ; _c17 cm. |
||
| 490 | 1 | _aLe Livres de Poche | |
| 650 | 4 |
_aNovela francesa _91075 |
|
| 650 | 4 |
_aLiteratura francesa _91074 |
|
| 830 | 0 |
_aLe Livres de Poche _939793 |
|
| 910 | _aCatalogación derivada / LC | ||
| 049 | _aBNGR | ||
| 999 |
_c17896 _d17896 |
||